Ніколи, ніколи не буде вкраїна рабою фашистських катів : До 60-річчя перемоги у Другій світовій війні : Бінарний урок з української літератури та історії України в 11 класі (Запис № 298650)

МАРК-запис
000 -Лідер
fixed length control field 00785nam a22001937a 4500
003 - Ідентифікатор контрольного номера
control field UA-OsUOA
001 - Контрольний номер
control field 12489
007 - Фіксоване поле фізичного опису
fixed length control field ta
008 - Елементи даних фіксованої довжини – загальна інформація
fixed length control field 20050518b un ||||| |||| 00| 0 ukr d
040 ## - Джерело каталогізації
Агенція оригінальної каталогізації UA-OsUOA
Агенція, яка здійснювала перезапис UA-OsUOA
Агенція, яка здійснювала модифікацію UA-OsUOA
100 ## - Основне введення – ім’я особи
Ім’я особи (НП) Кондрацова Л.
245 ## - Відомості про назву
Назва (НП) Ніколи, ніколи не буде вкраїна рабою фашистських катів : До 60-річчя перемоги у Другій світовій війні : Бінарний урок з української літератури та історії України в 11 класі
300 ## - Фізичний опис
Обсяг С.13-17
650 #7 - Додаткове предметне введення – тематичний термін
Тематичний термін чи географічна назва, як елемент введення (НП) Історія України
Джерело заголовка чи терміна UDC
700 ## - Додаткове введення – ім'я особи
Ім’я особи (НП) Кондрацов М.
773 0# - Введення хост-одиниці (П)
Контрольний номер запису (П) 0
Назва (НП) Дивослово
Місце, видавець та дата видання (НП) Київ
-- 2005
Інформація про взаємозв’язок (П) №5
942 ## - Додаткові елементи входу (Коха)
Тип елемента Koha Стаття періодики
955 ## - Код типу видання за змістом
Код типу видання за змістом (НП) інше

Немає доступних примірників.